Весела Коледа (Запис номер 331952)
[ съкратено ]
| 000 -Лидер | |
|---|---|
| Контролно поле с фиксирана дължина | 00811nam a2200229 a 4500 |
| 003 - Код на организацията, давaща контролен номер | |
| Контролно поле | BLK |
| 005 - Дата и час на последна редакция | |
| Контролно поле | 20241129113315.0 |
| 008 - Елементи от данни с фиксирана дължина | |
| fixed length control field | 190703b bu ||||| |||| 00| 0 bu d |
| 020 ## - Международен стандартен номер на книга ISBN | |
| Международен стандартен номер на книга ISBN | 978-954-361-289-5 |
| 040 ## - Източник на каталожния запис | |
| Идентификатор на билиотеката - собственик на записа | BLK |
| 041 ## - Код за език | |
| Код за езика на текст/звукозапис или на отделно заглавие | Български |
| Код за езика КДБФ | Български |
| 080 ## - УДК | |
| Текстов определител УДК | Българска литература |
| УДК код - определител по УДК | 821.163.2 |
| УДК определител | -93-1 |
| УДК - код + определител | 821.163.2-93-1 |
| 100 ## - Редна дума - Автор | |
| R(LIN) | 1426 |
| Автор | Жекова, Ангелина Иванова |
| Авторска отговорност | стихове |
| 139 ## - Редно поле | |
| Редна дума | Жекова, Ангелина |
| Авторски знак | Жеко - Ж 32 |
| 245 ## - Сведения за заглавието | |
| Заглавие | Весела Коледа |
| Редно поле (дума) | Ангелина Жекова |
| 260 ## - Област на издателските данни | |
| 9 (RLIN) | 214073 |
| Място на издаване, разпространение и проч. | София |
| Име на издателя, разпространителя и проч. | Посоки |
| Година на издаване | 2013 |
| 300 ## - Физическа характеристика | |
| Страници | 12 с. |
| Илюстрации и др. | с цв. ил. |
| Размери/Мащаб | 16 см |
| 380 ## - Жанр | |
| Жанр | Детска худож. лит. |
| 490 ## - СЕРИИ (Колекции) | |
| 9 (RLIN) | 207641 |
| Име на серия | Поредица Книжка с дръжка |
| №: серия | 310 |
| 999 ## - СИСТЕМНИ КОНТРОЛНИ НОМЕРА | |
| Koha biblionumber | 331952 |
| Koha biblioitemnumber | 331952 |
| 942 ## - АРТИКУЛИ | |
| Източник на класификационната схема | Universal Decimal Classification |
| Вид на библиотечния материал | Книги |
| Скрит в OPAC | Не |
| Koha issues (borrowed), all copies | 7 |
| 944 ## - СЪЗДАВАНЕ И РЕДАКЦИЯ на ЗАПИСА | |
| Служител, извършил регистрацията/редакцията | 30543 |
| Статус, дата на статуса | Ива Цветкова |
| Код за отписване | Код за изгубен артикул | Източник на класификационната схема | Код за повреда | Код за отдаване | Артикулен № | Име на библиотеката - собственик | Име на библиотеката, в която се намира в момента | Статус (Текущо местоположение) | Дата на вписване в системата | Местоположение - отдел | Цена в лева | Инвентарен номер | Систематично азбучна сигнатура | Баркод | Цена в евро | Служебен тип на артикула |
|---|---|---|---|---|---|---|---|---|---|---|---|---|---|---|---|---|
| Не е изгубен | Universal Decimal Classification | Не е повреден | заемане за дома | 727922 | Регионална библиотека "Любен Каравелов" Русе | Регионална библиотека "Любен Каравелов" Русе | Детски отдел | 2019-07-04 | Детски отдел | 4.99 | 120000833070 | ДХ 886.7/Ж 32 | 120000833070 | 2.55 | Книги |